000
00290nam a2200121Ia 4500
008
190802s9999 xx 000 0 und d
020
_a
978-93-325-7944-6
100
_a
Saundra K.Ciccarelli
245
0
_a
Psychology
260
_a
Australia
_b
Pearson
_c
2017
300
_a
784:p
942
_c
BK
999
_c
2264
_d
2264